000 01088nam a2200277Ia 4500
003 OSt
005 20220923211202.0
006 a|||||r|||| 00| 0
007 ta
008 220922b |||||||| |||| 00| 0 hin d
020 _a818880830X
_c1100
024 _a258,654
037 _b414, 28/01/2012, Eastern Book Linkers
_cTextual
040 _aARTS
_cARTS
_bhin
041 _2hin
_ahin
082 _aO152:gG, P7
100 _aराय, अनिल, संपा.
_9159269
245 0 _aआदिकालीन हिन्दी साहित्य
_b अध्ययन की दिशाएॅं
246 _aĀdikālīn hindī sāhitya: adhyayan kī dishāeॅan
260 _aदिल्ली
_b शिवालिक प्रकाशन
_c2007
300 _a309पृ.
_ccm.
650 _a हिन्दी साहित्य
_9156264
650 _aहिन्दी साहित्य
_9156264
942 _hO152:gG, P7
_cTEXL
_2CC
999 _c296479
_d296479